La Celestina

Gespeichert in:
Bibliographische Detailangaben
1. Verfasser: Rojas, Fernando de (VerfasserIn)
Format: Buch
Sprache:Spanisch
Veröffentlicht: Barcelona Destino 1989
Schriftenreihe:Destino Libro, 272
Schlagworte:
Tags: Tag hinzufügen
Keine Tags, Fügen Sie den ersten Tag hinzu!

MARC

LEADER 00000nam a2200000 a 4500
001 UCX3947
003 CL-VaPUC
008 920122e19890000SP |||||||||||||||||spa|d
082 0 4 |a 862  |b ROJ  |2 21 
100 0 |a Rojas, Fernando de  |e author  |9 320125 
245 1 3 |a La Celestina 
300 |a 262 p 
942 |c BK 
945 |d 19920122 00:00:00 
260 |a Barcelona  |b Destino  |c 1989 
650 0 |a Dramas españoles  |9 267081 
583 |a last modification  |c 19920122 00:00:00  |k Rodrigo Vera 
490 0 |a Destino Libro, 272 
999 |c 224560  |d 224558 
952 |0 0  |1 0  |4 0  |6 862_000000000000000_ROJ_1989  |7 0  |8 R  |9 221257  |a BIBEDU  |b BIBEDU  |c MCIRC  |d 2019-11-15  |i 2900459  |o 862 ROJ 1989  |p 2900459  |r 2023-01-13  |w 2019-11-15  |y BK  |k LIT